LEADER 01011nam0-22003011i-450- 001 990007524050403321 005 20060914144843.0 035 $a000752405 035 $aFED01000752405 035 $a(Aleph)000752405FED01 035 $a000752405 100 $a20030814d1967----km-y0itay50------ba 101 0 $aita 102 $aIT 105 $ay-------001yy 200 1 $aPiano di sviluppo per l'Umbria e geoeconomia$ericerche di geoeconomia in Umbria dell'Istituto di Geografia Economica della Università di Perugia$fRenzo Battistella 210 $aBologna$cCalderini$d1967 215 $aVIII, 55 p.$d24 cm 610 0 $aUmbria$aEconomia 700 1$aBattistella,$bRenzo$f<1906-1980>$0342648 712 02$aUniversità degli studi di Perugia.$bIstituto di geografia economica 801 0$aIT$bUNINA$gRICA$2UNIMARC 901 $aBK 912 $a990007524050403321 952 $aE-08-050$bIst.8970$fILFGE 959 $aILFGE 996 $aPiano di sviluppo per l'Umbria e geoeconomia$9684046 997 $aUNINA LEADER 01192cam0-22004091i-450- 001 990003860390403321 005 20060315122830.0 010 $a88-204-1937-8 035 $a000386039 035 $aFED01000386039 035 $a(Aleph)000386039FED01 035 $a000386039 100 $a20030910d1981----km-y0itay50------ba 101 0 $aita 102 $aIT 105 $ay-------001yy 200 1 $aOccupazione giovanile e intervento pubblico in Inghilterra, Francia e Repubblica Federale Tedesca$fAnna Maria Ventrella ... [et al.] 210 $aMilano$cFrancoAngeli$d1981 215 $a499 p.$d22 cm 225 1 $aDocumenti ISVET$v58 610 0 $aDisoccupazione giovanile 676 $aF/1.402 676 $aF/1.421 676 $aF/1.424 676 $aG/2.123 676 $aG/2.2 676 $a344 702 1$aVentrella,$bAnna Maria 801 0$aIT$bUNINA$gRICA$2UNIMARC 901 $aBK 912 $a990003860390403321 952 $aG/2.123 VEN$b10883/I$fSES 952 $aB-IX-4$blav.$fDDRC 959 $aSES 959 $aDDRC 996 $aOccupazione giovanile e intervento pubblico in Inghilterra, Francia e Repubblica Federale Tedesca$9514380 997 $aUNINA LEADER 00888nam--2200349---450 001 990002746140203316 005 20220728094358.0 010 $a88-6044-007-6 035 $a000274614 035 $aUSA01000274614 035 $a(ALEPH)000274614USA01 035 $a000274614 100 $a20060605d2005----km-y0itay50------ba 101 $aita 102 $aIT 105 $a||||||||001yy 200 1 $aQuesta storia$fAlessandro Baricco 210 $aRoma$cFandango libri$d2005 215 $a283 p.$d25 cm 410 0$12001 454 1$12001 461 1$1001-------$12001 606 0 $aNarrativa italiana 676 $a853.914 700 1$aBARICCO,$bAlessandro$0160567 801 0$aIT$bsalbc$gISBD 912 $a990002746140203316 951 $aXVII A.A. 3134$b7563 DLAS$cXVII A.A.$d565410 959 $aBK 969 $aCAS 996 $aQuesta storia$9999243 997 $aUNISA